主要な官能基 - Statistics

General Stats
  • This quiz has been taken 115 times
  • The average score is 10 of 19
Answer Stats
名称 構造式 官能基の名称 / 分類名 % Correct
官能基 –OH ヒドロキシ基
92%
官能基 –COOH カルボキシ基
68%
官能基 –O– エーテル結合
65%
官能基 –NO₂ ニトロ基
65%
官能基 –NH₂ アミノ基
63%
官能基 –CHO ホルミル基
62%
化合物 –OH アルコール
60%
化合物 –O– エーテル
57%
化合物 –COOH カルボン酸
57%
官能基 >C=O カルボニル基
55%
化合物 –CHO アルデヒド
53%
化合物 –COO– エステル
52%
官能基 –COO– エステル結合
50%
化合物 >C=O ケトン
50%
官能基 –SO₃H スルホ基
48%
化合物 –SO₃H スルホン酸
43%
化合物 –OH フェノール類
38%
化合物 –NH₂ アミン
38%
化合物 –NO₂ ニトロ化合物
28%
No matching quizzes found
Score Distribution
Percent of People with Each Score
Percentile by Number Answered
Your Score History
You have not taken this quiz